Stratégie a podnikateľské modely v postindustriálnej ére podnikania II. recenzovaný zborník vedeckých prác

Na minha lista:
Detalhes bibliográficos
Outros Autores: Mišúnová Hudáková, Ivana, 1976-, Papulová, Emília, Džupina, Milan
Formato: Livro
Idioma:eslovaco
Publicado em: Bratislava Vydavateľstvo EKONÓM 2014
Edição:1. vyd.
Assuntos:
Tags: Adicionar Tag
Sem tags, seja o primeiro a adicionar uma tag!

MARC

LEADER 00000nam a2200000 4500
001 0195132
005 20240502073254.1
020 |a 978-80-225-3976-0 
041 0 |a slo 
044 |a SK 
245 1 0 |a Stratégie a podnikateľské modely v postindustriálnej ére podnikania II.  |b recenzovaný zborník vedeckých prác  |c redakčné a zostaviteľské práce: Ivana Mišúnová Hudáková ; vedeckí recenzenti: Emília Papulová, Milan Džupina 
250 |a 1. vyd. 
264 1 |a Bratislava  |b Vydavateľstvo EKONÓM  |c 2014 
300 |a 149 s. [7,45 AH] 
610 2 0 |a podnikanie 
610 2 0 |a stratégia podnikateľská 
610 2 0 |a modely podnikateľské 
610 2 0 |a start-up 
610 2 0 |a podnikanie zodpovedné 
700 1 |a Mišúnová Hudáková, Ivana, 1976- 
700 1 |a Papulová, Emília 
700 1 |a Džupina, Milan